|
|
|
|
| LEADER |
03004nam a2200781 i 4500 |
| 001 |
nkc20203218146 |
| 003 |
CZ PrNK |
| 005 |
20200622153616.0 |
| 007 |
ta |
| 008 |
200513s2020 xr abc c 6 000 0bcze |
| 015 |
|
|
|a cnb003218146
|
| 020 |
|
|
|a 978-80-7027-328-9
|q (vázáno)
|
| 035 |
|
|
|a (OCoLC)1200248031
|
| 040 |
|
|
|a BOA001
|b cze
|d ABA001
|e rda
|
| 043 |
|
|
|a e-xr---
|a e------
|a e-fr---
|
| 045 |
|
|
|a x1x7
|
| 072 |
|
7 |
|a 75
|x Malířství
|2 Konspekt
|9 21
|
| 072 |
|
7 |
|a 0/9-053.2
|x Literatura pro děti a mládež (naučná)
|2 Konspekt
|9 26
|
| 080 |
|
|
|a 75.071.1
|2 MRF
|
| 080 |
|
|
|a 75(437.3)
|2 MRF
|
| 080 |
|
|
|a 75.036/.038
|2 MRF
|
| 080 |
|
|
|a 001.83-027.22
|2 MRF
|
| 080 |
|
|
|a 929
|2 MRF
|
| 080 |
|
|
|a (437.3)
|2 MRF
|
| 080 |
|
|
|a (4)
|2 MRF
|
| 080 |
|
|
|a (44)
|2 MRF
|
| 080 |
|
|
|a (092)
|2 MRF
|
| 080 |
|
|
|a (092)741.52
|2 MRF
|
| 080 |
|
|
|a (0.053.6)
|2 MRF
|
| 100 |
1 |
|
|a Šeborová, Silvie,
|d 1981-
|7 mzk2011661305
|4 aut
|4 edt
|
| 245 |
1 |
0 |
|a Jak namalovat vejce? :
|b příběh malíře Josefa Šímy /
|c koncepce, text a odborná redakce: Silvie Šeborová ; ilustrace: Jiří Franta
|
| 246 |
3 |
0 |
|a Příběh malíře Josefa Šímy
|
| 250 |
|
|
|a Vydání první
|
| 264 |
|
1 |
|a V Brně :
|b Moravská galerie,
|c 2020
|
| 300 |
|
|
|a 99 stran :
|b ilustrace (převážně barevné), 1 mapa, portréty ;
|c 35 cm
|
| 336 |
|
|
|a text
|b txt
|2 rdacontent
|
| 336 |
|
|
|a statický obraz
|b sti
|2 rdacontent
|
| 337 |
|
|
|a bez média
|b n
|2 rdamedia
|
| 338 |
|
|
|a svazek
|b nc
|2 rdacarrier
|
| 490 |
1 |
|
|a Moravská galerie Junior
|
| 500 |
|
|
|a 2000 výtisků
|
| 500 |
|
|
|a Chronologický přehled
|
| 600 |
1 |
7 |
|a Šíma, Josef,
|d 1891-1971
|7 jk01122943
|2 czenas
|
| 648 |
|
7 |
|a 20. století
|7 ch460558
|2 czenas
|
| 650 |
0 |
7 |
|a malíři
|7 ph122596
|z Česko
|y 20. století
|2 czenas
|
| 650 |
0 |
7 |
|a české malířství
|7 ph116864
|y 20. století
|2 czenas
|
| 650 |
0 |
7 |
|a moderní malířství
|7 ph122940
|z Česko
|2 czenas
|
| 650 |
0 |
7 |
|a moderní malířství
|7 ph122940
|z Evropa
|2 czenas
|
| 650 |
0 |
7 |
|a intelektuální život
|7 ph137688
|z Francie
|y 20. století
|2 czenas
|
| 650 |
0 |
9 |
|a painters
|z Czechia
|y 20th century
|2 eczenas
|
| 650 |
0 |
9 |
|a Czech painting
|y 20th century
|2 eczenas
|
| 650 |
0 |
9 |
|a modern painting
|z Czechia
|2 eczenas
|
| 650 |
0 |
9 |
|a modern painting
|z Europe
|2 eczenas
|
| 650 |
0 |
9 |
|a intellectual life
|z France
|y 20th century
|2 eczenas
|
| 655 |
|
7 |
|a biografie
|7 fd131909
|2 czenas
|
| 655 |
|
7 |
|a biografické komiksy
|7 fd1057461
|2 czenas
|
| 655 |
|
7 |
|a publikace pro mládež
|7 fd133157
|2 czenas
|
| 655 |
|
9 |
|a biography
|2 eczenas
|
| 655 |
|
9 |
|a biographical comics
|2 eczenas
|
| 655 |
|
9 |
|a juvenile literature
|2 eczenas
|
| 700 |
1 |
|
|a Franta, Jiří,
|d 1978-
|7 mzk2006342953
|4 ill
|
| 830 |
|
0 |
|a Moravská galerie Junior
|0 s
|
| 910 |
2 |
|
|a BOA001
|b 4-1444.905
|
| 990 |
|
|
|a BK
|
| 995 |
|
|
|a 01
|
| 991 |
|
|
|b 202005
|c NOV
|
| 996 |
6 |
|
|b 2610823124
|c 4-1444.905
|l MZK
|r Sklad / do 1 hodiny
|n 0
|p p.v.
|w 001801312
|u 000010
|a 1
|e BOA001
|j MZK50
|s P
|
| 996 |
7 |
|
|b 2610823125
|c 4-1444.905
|l MZK
|r Sklad / do 1 hodiny
|n 7
|p p.v.
|w 001801312
|u 000020
|a 1
|e BOA001
|j MZK50
|s A
|